Vrátenie majetku do FNM

Mnohé podniky, ktoré v rámci veľkej privatizácie odkúpili súkromné obchodné spoločnosti, sú z rôznych dôvodov vracané Fondu národného majetku SR. Na ilustračnom príklade sú uvedené účtovné a daňové súvislosti spojené s vrátením majetku.

Na minha lista:
Detalhes bibliográficos
Autor principal: Pastierik, Vladimír
Formato: Capítulo de Livro
Idioma:eslovaco
Assuntos:
Tags: Adicionar Tag
Sem tags, seja o primeiro a adicionar uma tag!

MARC

LEADER 00000naa a2200000 4500
001 r034683
005 20230926080818.0
041 0 |a slo 
044 |a SK 
245 1 0 |a Vrátenie majetku do FNM  |c Vladimír Pastierik 
520 |a Mnohé podniky, ktoré v rámci veľkej privatizácie odkúpili súkromné obchodné spoločnosti, sú z rôznych dôvodov vracané Fondu národného majetku SR. Na ilustračnom príklade sú uvedené účtovné a daňové súvislosti spojené s vrátením majetku. 
610 2 0 |a majetok 
610 2 0 |a majetok podnikový 
610 2 0 |a spoločnosti obchodné 
610 2 0 |a prevod majetku 
610 2 0 |a FNM SR Bratislava 
610 2 0 |a účtovanie 
610 2 0 |a dane z hodnoty pridanej 
100 1 |a Pastierik, Vladimír